[Event "NATO-ch 20th"]
[Site "Hammelburg"]
[Date "2009.06.19"]
[Round "7"]
[White "Nielsen, Jan Mose"]
[Black "Benedetti, Fabrizio"]
[Result "1-0"]
[WhiteElo "2099"]
[BlackElo "2191"]
[PlyCount "79"]
[EventDate "2009.06.15"]
[EventType "swiss"]
[EventRounds "7"]
[EventCountry "GER"]
[SourceTitle "CBM 130 Extra"]
[Source "ChessBase"]
[SourceDate "2009.07.02"]
[SourceVersion "2"]
[SourceVersionDate "2009.07.15"]
[SourceQuality "1"]

1. d4 d5 2. c4 e6 3. Nf3 Nf6 4. Nc3 Nbd7 5. Bg5 c6 6. e3 Be7 7. cxd5 exd5 8. Qc2 0-0 9. Bd3 Re8 10. Rb1 Nf8 11. h3 Ne4 12. Bf4 Nxc3 13. Qxc3 Bd6 14. Bxd6 Qxd6 15. b4 a6 16. a4 Bd7 17. Qc5 Qh6 18. Qc2 Re7 19. Ne5 Rae8 20. Nxd7 Nxd7 21. 0-0 Nf6 22. b5 axb5 23. axb5 Ne4 24. bxc6 bxc6 25. Rb6 Nf6 26. Rxc6 g5 27. Ra1 Re6 28. Bf5 g4 29. Rxe6 fxe6 30. Bxg4 Nxg4 31. hxg4 Qg5 32. Ra7 Re7 33. Qc8+ Kf7 34. Qd8 Qf6 35. Qxe7+ Qxe7 36. Rxe7+ Kxe7 37. Kh2 Kf6 38. Kg3 e5 39. dxe5+ Kxe5 40. Kh4 1-0

[Event "NATO-ch 19th"]
[Site "Brussels"]
[Date "2008.08.05"]
[Round "3"]
[White "Benedetti, Fabrizio"]
[Black "Wagenaar, Harm Theo"]
[Result "1-0"]
[WhiteElo "2191"]
[BlackElo "2104"]
[PlyCount "85"]
[EventDate "2008.08.04"]
[EventType "swiss"]
[EventRounds "7"]
[EventCountry "BEL"]
[SourceTitle "EXT 2015"]
[Source "ChessBase"]
[SourceDate "2014.11.20"]
[SourceVersion "1"]
[SourceVersionDate "2014.11.20"]
[SourceQuality "1"]

1. e4 c5 2. Nf3 e6 3. d4 cxd4 4. Nxd4 a6 5. Nc3 Qc7 6. Be2 Nc6 7. Be3 Nf6 8. 0-0 Bb4 9. f3 Bxc3 10. bxc3 d5 11. Nxc6 bxc6 12. Bc5 Nd7 13. Ba3 Qa5 14. Bd6 Qxc3 15. Rb1 Qe3+ 16. Kh1 f6 17. Rb3 Qa7 18. c4 Nc5 19. Rb2 Nb7 20. Ba3 d4 21. c5 e5 22. Rb6 Nd8 23. Qa4 0-0 24. Bc4+ Kh8 25. f4 Qe7 26. f5 Qd7 27. Qb3 Qc7 28. Rf3 Re8 29. Rh3 g5 30. Rh6 Qg7 31. Qh3 Re7 32. Qh5 Qf8 33. Qg6 Raa7 34. Qxf6+ Qxf6 35. Rxf6 Red7 36. Rd6 Kg7 37. Kg1 Rxd6 38. cxd6 Rb7 39. Bc5 Kf6 40. Bxa6 Rxb6 41. Bxb6 Bxa6 42. Bxd8+ Kf7 43. d7 1-0

[Event "NATO-ch 19th"]
[Site "Brussels"]
[Date "2008.08.05"]
[Round "2"]
[White "Kilic, Mehmet"]
[Black "Benedetti, Fabrizio"]
[Result "1/2-1/2"]
[WhiteElo "2108"]
[BlackElo "2191"]
[PlyCount "93"]
[EventDate "2008.08.04"]
[EventType "swiss"]
[EventRounds "7"]
[EventCountry "BEL"]
[SourceTitle "EXT 2015"]
[Source "ChessBase"]
[SourceDate "2014.11.20"]
[SourceVersion "1"]
[SourceVersionDate "2014.11.20"]
[SourceQuality "1"]

1. e4 c5 2. Nf3 Nc6 3. Nc3 Qc7 4. Nd5 Qb8 5. g3 d6 6. Bg2 e6 7. Nc3 b5 8. 0-0 b4 9. Nb1 e5 10. d4 cxd4 11. c3 dxc3 12. bxc3 Nf6 13. cxb4 Nxb4 14. Nc3 Bd7 15. Rb1 Qc8 16. Rxb4 Qxc3 17. Bd2 Qc8 18. Qb1 Be7 19. Rc1 Qd8 20. Rb7 0-0 21. Rcc7 Rc8 22. Ba5 Rxc7 23. Bxc7 Qa8 24. Nd2 Rc8 25. f4 Bc6 26. Rb8 Rxb8 27. Qxb8+ Qxb8 28. Bxb8 a6 29. h3 Nd7 30. Bc7 Bb5 31. Kf2 Nc5 32. Ke3 h6 33. h4 Ne6 34. Bb8 exf4+ 35. gxf4 g5 36. hxg5 hxg5 37. f5 Nf4 38. Bf1 Bxf1 39. Nxf1 Kf8 40. Nd2 Ke8 41. f6 Bf8 42. Kf3 Nh5 43. e5 dxe5 44. Bxe5 Kd7 45. Kg4 Ke6 46. Nf3 Nxf6+ 47. Kxg5 1/2-1/2

[Event "NATO-ch 16th"]
[Site "Kolobrzeg"]
[Date "2005.08.23"]
[Round "3"]
[White "Benedetti, Fabrizio"]
[Black "Helbig, Mark"]
[Result "1/2-1/2"]
[WhiteElo "2166"]
[BlackElo "2326"]
[PlyCount "69"]
[EventDate "2005.08.21"]
[EventType "swiss"]
[EventRounds "7"]
[EventCountry "POL"]
[SourceTitle "CBM 108 Extra"]
[Source "ChessBase"]
[SourceDate "2005.11.04"]
[SourceVersion "1"]
[SourceVersionDate "2005.11.04"]
[SourceQuality "1"]

1. e4 c5 2. Nf3 e6 3. d4 cxd4 4. Nxd4 Nc6 5. g3 Nf6 6. Bg2 a6 7. 0-0 Qc7 8. Nc3 Be7 9. Be3 0-0 10. a4 d6 11. Qe2 Nxd4 12. Bxd4 e5 13. Be3 Be6 14. Rfd1 h6 15. h3 Rfc8 16. Rd2 Qa5 17. Nd5 Nxd5 18. exd5 Bf5 19. c3 b5 20. b4 Qc7 21. axb5 axb5 22. Rxa8 Rxa8 23. Qxb5 Qxc3 24. Rd1 Qb3 25. Rc1 Bg5 26. Bxg5 hxg5 27. g4 Qb2 28. Rf1 Bg6 29. Qc6 Ra2 30. Qxd6 Bd3 31. Qd8+ Kh7 32. Qxg5 Bxf1 33. Qh4+ Kg8 34. Qd8+ Kh7 35. Qh4+ 1/2-1/2

[Event "NATO-ch 13th"]
[Site "Brest"]
[Date "2002.10.??"]
[Round "6.13"]
[White "Benedetti, Fabrizio"]
[Black "Keough, Robert W"]
[Result "1-0"]
[WhiteElo "2212"]
[BlackElo "2090"]
[PlyCount "105"]
[EventDate "2002.10.07"]
[EventType "swiss"]
[EventRounds "7"]
[EventCountry "FRA"]
[SourceTitle "EXT 2003"]
[Source "ChessBase"]
[SourceDate "2002.11.25"]
[SourceVersion "1"]
[SourceVersionDate "2002.11.25"]
[SourceQuality "1"]

1. e4 c5 2. Nf3 a6 3. d4 cxd4 4. Nxd4 e5 5. Ne2 Nf6 6. Nec3 Bb4 7. Bg5 Nc6 8. Bc4 h6 9. Bxf6 Qxf6 10. 0-0 Bxc3 11. Nxc3 Ne7 12. a4 b6 13. Qd2 Bb7 14. f4 0-0 15. Rad1 Rad8 16. Kh1 exf4 17. Rxf4 Qg5 18. Qf2 d5 19. exd5 Bxd5 20. Nxd5 Nxd5 21. Rfd4 Ne3 22. Rxd8 Rxd8 23. Rxd8+ Qxd8 24. Qxe3 Qd1+ 25. Qg1 Qxc2 26. Bxa6 Qxb2 27. Bb5 Qf6 28. h3 g5 29. Qd1 Kg7 30. Qd5 Qa1+ 31. Kh2 Qf6 32. Qf3 Qd6+ 33. Qg3 Qf6 34. Be2 Qd4 35. Bh5 Qc5 36. Qf3 Qe5+ 37. g3 Qb2+ 38. Kg1 Qd4+ 39. Qf2 Qd7 40. Qb2+ Kg8 41. Qf6 Qc7 42. Bxf7+ Qxf7 43. Qxb6 Qe8 44. Kf2 Qf8+ 45. Kg1 Qe8 46. a5 Qe1+ 47. Kg2 Qd2+ 48. Kf3 Qd3+ 49. Kg4 Qd7+ 50. Kh5 Qxh3+ 51. Kg6 Qc8 52. Qb3+ Kh8 53. Qf7 1-0

[Event "Cesenatico op 7th"]
[Site "Cesenatico"]
[Date "2002.09.04"]
[Round "4"]
[White "Candura, Stefano"]
[Black "Benedetti, Fabrizio"]
[Result "0-1"]
[WhiteElo "2079"]
[BlackElo "2223"]
[PlyCount "88"]
[EventDate "2002.09.02"]
[EventType "swiss"]
[EventRounds "9"]
[EventCountry "ITA"]
[SourceTitle "CBM 090 Extra"]
[Source "ChessBase"]
[SourceDate "2002.11.07"]
[SourceVersion "1"]
[SourceVersionDate "2002.11.07"]
[SourceQuality "1"]

1. f4 c5 2. Nf3 d6 3. e3 g6 4. Be2 Bg7 5. 0-0 e6 6. c3 Ne7 7. d4 cxd4 8. cxd4 0-0 9. Nc3 d5 10. Bd2 Nbc6 11. Rc1 Nf5 12. Qe1 Bd7 13. Ne5 Rc8 14. Nb5 a6 15. Nxc6 Rxc6 16. Rxc6 Bxc6 17. Nc3 Qb6 18. Nd1 Bb5 19. Ba5 Qc6 20. g4 Bxe2 21. Qxe2 Nd6 22. Nc3 Rc8 23. Bb4 Nc4 24. Rc1 Qb6 25. a3 a5 26. Bc5 Qxb2 27. Qxb2 Nxb2 28. Rb1 Rxc5 29. dxc5 Bxc3 30. Kf1 Kf8 31. Ke2 Ke7 32. Rc1 Na4 33. Kd3 Bb2 34. Rc2 Kd7 35. e4 Kc6 36. exd5+ exd5 37. Re2 Nxc5+ 38. Kc2 Bxa3 39. Re7 d4 40. Rxf7 d3+ 41. Kd1 Bb4 42. Re7 Kd5 43. Rxh7 Ne4 44. Rd7+ Ke6 0-1

[Event "Cesenatico op 7th"]
[Site "Cesenatico"]
[Date "2002.09.03"]
[Round "3"]
[White "Benedetti, Fabrizio"]
[Black "Ivanov, Mikhail M"]
[Result "0-1"]
[WhiteElo "2223"]
[BlackElo "2489"]
[PlyCount "74"]
[EventDate "2002.09.02"]
[EventType "swiss"]
[EventRounds "9"]
[EventCountry "ITA"]
[SourceTitle "CBM 090 Extra"]
[Source "ChessBase"]
[SourceDate "2002.11.07"]
[SourceVersion "1"]
[SourceVersionDate "2002.11.07"]
[SourceQuality "1"]

1. e4 c5 2. Nf3 a6 3. d4 cxd4 4. Nxd4 Nf6 5. Bd3 Nc6 6. Nxc6 dxc6 7. Nc3 e5 8. h3 Be6 9. Qe2 b5 10. a4 Be7 11. Be3 0-0 12. 0-0 Qc7 13. Rae1 Nd7 14. f4 exf4 15. Bxf4 Ne5 16. Kh1 Bd6 17. axb5 axb5 18. Nd5 Qd8 19. Ne3 Ng6 20. Bxd6 Qxd6 21. Qf2 Qe5 22. b3 Ra2 23. Re2 Rfa8 24. Nf5 Ra1 25. Ree1 Rxe1 26. Rxe1 Ra2 27. Qd4 Qxd4 28. Nxd4 Ne5 29. Bf1 b4 30. Rc1 c5 31. Nf3 Nxf3 32. gxf3 g5 33. Bg2 Kg7 34. Kh2 Kf6 35. Kg3 Ke5 36. Bf1 h5 37. Bd3 h4+ 0-1

[Event "Castellaneta op 4th"]
[Site "Castellaneta"]
[Date "2000.08.31"]
[Round "5"]
[White "Benedetti, Fabrizio"]
[Black "De Santis, Alessio"]
[Result "0-1"]
[WhiteElo "2238"]
[BlackElo "2309"]
[PlyCount "50"]
[EventDate "2000.08.??"]
[EventType "swiss"]
[EventRounds "6"]
[EventCountry "ITA"]
[SourceTitle "EXT 2005"]
[Source "ChessBase"]
[SourceDate "2004.11.15"]
[SourceVersion "1"]
[SourceVersionDate "2004.11.15"]
[SourceQuality "1"]

1. e4 d6 2. d4 Nf6 3. Nc3 c6 4. Nf3 Bg4 5. Be2 e6 6. Be3 d5 7. exd5 cxd5 8. Ne5 Bxe2 9. Qxe2 Nc6 10. Nxc6 bxc6 11. 0-0 Bd6 12. Qf3 Qb8 13. Rab1 Bxh2+ 14. Kh1 Bd6 15. b4 0-0 16. b5 Qc7 17. Bg5 Nd7 18. bxc6 Qxc6 19. Nb5 Nb6 20. Rb3 f6 21. Qg4 Bb8 22. Bd2 Nc4 23. Qe2 e5 24. Qd3 e4 25. Qe2 f5 0-1

[Event "Castellaneta op 4th"]
[Site "Castellaneta"]
[Date "2000.08.30"]
[Round "4"]
[White "Alaimo, Riccardo"]
[Black "Benedetti, Fabrizio"]
[Result "1/2-1/2"]
[WhiteElo "2089"]
[BlackElo "2186"]
[PlyCount "65"]
[EventDate "2000.08.??"]
[EventType "swiss"]
[EventRounds "6"]
[EventCountry "ITA"]
[SourceTitle "EXT 2005"]
[Source "ChessBase"]
[SourceDate "2004.11.15"]
[SourceVersion "1"]
[SourceVersionDate "2004.11.15"]
[SourceQuality "1"]

1. e4 c5 2. Nc3 Nc6 3. f4 d6 4. Nf3 e6 5. Bc4 Be7 6. 0-0 Nf6 7. d3 0-0 8. Qe1 a6 9. a4 Nd7 10. Bb3 Bf6 11. Kh1 Qc7 12. Ne2 Rb8 13. c3 b5 14. axb5 axb5 15. d4 e5 16. fxe5 dxe5 17. d5 Na5 18. Bc2 Nc4 19. Ng3 g6 20. b3 Nd6 21. Bh6 Re8 22. h4 Bb7 23. h5 Ra8 24. hxg6 hxg6 25. Qe3 Rxa1 26. Rxa1 Ra8 27. Rxa8+ Bxa8 28. Bg5 Qd8 29. Kg1 Bb7 30. Nh1 Bxg5 31. Nxg5 c4 32. b4 Qb6 33. Kf2 1/2-1/2

[Event "Castellaneta op 4th"]
[Site "Castellaneta"]
[Date "2000.08.29"]
[Round "1"]
[White "Benedetti, Fabrizio"]
[Black "Ariete, Gerardo"]
[Result "1-0"]
[WhiteElo "2238"]
[BlackElo "1933"]
[PlyCount "61"]
[EventDate "2000.08.??"]
[EventType "swiss"]
[EventRounds "6"]
[EventCountry "ITA"]
[SourceTitle "EXT 2005"]
[Source "ChessBase"]
[SourceDate "2004.11.15"]
[SourceVersion "1"]
[SourceVersionDate "2004.11.15"]
[SourceQuality "1"]

1. e4 c6 2. d4 d5 3. e5 Bf5 4. Ne2 e6 5. Ng3 Bg6 6. Bd3 Nd7 7. 0-0 Ne7 8. f4 Bxd3 9. Qxd3 g6 10. b3 c5 11. c3 Nc6 12. Be3 Rc8 13. a3 Qa5 14. Nd2 Be7 15. Kh1 cxd4 16. b4 Qb6 17. cxd4 0-0 18. f5 exf5 19. Rxf5 Nd8 20. Bg5 Bxg5 21. Rxg5 Ne6 22. Rg4 Ng7 23. Rf4 Rc6 24. Nb3 Ne6 25. Rh4 Rc4 26. Nf5 Nxe5 27. Ne7+ Kg7 28. Qe3 g5 29. Qxe5+ f6 30. Rxh7+ Kxh7 31. Qf5+ 1-0

[Event "NATO-ch 11th"]
[Site "Leopoldsburg"]
[Date "2000.??.??"]
[Round "3"]
[White "Pedersen, Jacob Bang"]
[Black "Benedetti, Fabrizio"]
[Result "1/2-1/2"]
[WhiteElo "2170"]
[BlackElo "2238"]
[PlyCount "41"]
[EventDate "2000.10.??"]
[EventType "swiss"]
[EventRounds "7"]
[EventCountry "BEL"]
[SourceTitle "EXT 2001"]
[Source "ChessBase"]
[SourceDate "2000.11.22"]
[SourceVersion "1"]
[SourceVersionDate "2000.11.22"]
[SourceQuality "1"]

1. d4 Nf6 2. c4 e6 3. Nc3 d5 4. cxd5 exd5 5. Bg5 Be7 6. e3 c6 7. Bd3 Nbd7 8. Qc2 0-0 9. Nf3 Re8 10. h3 Nf8 11. 0-0 Nh5 12. Bxe7 Qxe7 13. a3 g6 14. b4 a6 15. Na4 Ng7 16. Rfc1 Bf5 17. Nc5 Bxd3 18. Qxd3 Nf5 19. a4 Ne6 20. a5 Nd6 21. Re1 1/2-1/2

[Event "NATO-ch 10th"]
[Site "Stetten"]
[Date "1999.09.16"]
[Round "6.19"]
[White "Benedetti, Fabrizio"]
[Black "Windey, Luc"]
[Result "1-0"]
[WhiteElo "2250"]
[BlackElo "100"]
[PlyCount "53"]
[EventDate "1999.09.13"]
[EventType "swiss"]
[EventRounds "7"]
[EventCountry "GER"]
[SourceTitle "EXT 2008"]
[Source "ChessBase"]
[SourceDate "2007.11.25"]
[SourceVersion "1"]
[SourceVersionDate "2007.11.25"]
[SourceQuality "1"]

1. e4 e5 2. Nf3 Nc6 3. Bb5 a6 4. Ba4 Bc5 5. 0-0 Nge7 6. c3 0-0 7. d3 d6 8. Nbd2 Bg4 9. Re1 b5 10. Bb3 Na5 11. Bc2 Bb6 12. Nf1 h6 13. Ng3 Ng6 14. h3 Be6 15. b4 Nc6 16. Bb3 Qd7 17. d4 exd4 18. cxd4 Bxb3 19. axb3 Nxb4 20. Bxh6 gxh6 21. Qd2 Nc6 22. Qxh6 Bxd4 23. Nxd4 Nxd4 24. Nh5 f6 25. Qxg6+ Kh8 26. Nxf6 Nf3+ 27. Kh1 1-0

[Event "NATO-ch 10th"]
[Site "Stetten"]
[Date "1999.09.14"]
[Round "2.19"]
[White "Benedetti, Fabrizio"]
[Black "Goerke, Tino"]
[Result "1/2-1/2"]
[WhiteElo "2250"]
[BlackElo "2110"]
[PlyCount "54"]
[EventDate "1999.09.13"]
[EventType "swiss"]
[EventRounds "7"]
[EventCountry "GER"]
[SourceTitle "EXT 2008"]
[Source "ChessBase"]
[SourceDate "2007.11.25"]
[SourceVersion "1"]
[SourceVersionDate "2007.11.25"]
[SourceQuality "1"]

1. e4 d6 2. d4 Nf6 3. Nc3 g6 4. f4 Bg7 5. Nf3 0-0 6. Bd3 Nbd7 7. 0-0 c6 8. a4 e5 9. dxe5 dxe5 10. f5 Nc5 11. fxg6 hxg6 12. Qe2 Nxd3 13. cxd3 b6 14. b4 Bg4 15. Be3 Nh5 16. a5 Qd6 17. Na4 Nf4 18. Qd2 Bxf3 19. Rxf3 Ne6 20. Raf1 Nd4 21. Rh3 bxa5 22. bxa5 Qa3 23. Bxd4 exd4 24. Nb2 Rab8 25. Nc4 Qe7 26. Qf4 Rb5 27. e5 Rfb8 1/2-1/2

[Event "NATO-ch 09th"]
[Site "Portsmouth"]
[Date "1998.10.06"]
[Round "3"]
[White "Benedetti, Fabrizio"]
[Black "Hortillosa, Andres"]
[Result "1-0"]
[WhiteElo "2200"]
[BlackElo "1923"]
[PlyCount "57"]
[EventDate "1998.10.??"]
[EventType "swiss"]
[EventRounds "7"]
[EventCountry "ENG"]
[SourceTitle "EXT 2014"]
[Source "ChessBase"]
[SourceDate "2013.11.20"]
[SourceVersion "1"]
[SourceVersionDate "2013.11.20"]
[SourceQuality "1"]

1. e4 c5 2. Nf3 Nc6 3. d4 cxd4 4. Nxd4 g6 5. Nc3 Bg7 6. Be3 Nf6 7. Bc4 Qa5 8. Nxc6 dxc6 9. 0-0 0-0 10. Qe2 b5 11. Bd3 Qc7 12. f4 Nd7 13. Rfe1 a6 14. Qf2 Nf6 15. h3 Bb7 16. e5 Nd5 17. Nxd5 cxd5 18. Bd4 e6 19. h4 Bc8 20. h5 Bd7 21. Re3 Rfb8 22. Rh3 Bh8 23. Qh4 Be8 24. Rf3 Rb7 25. Raf1 Qd7 26. Bc5 Qc6 27. b4 Bg7 28. hxg6 h5 29. Qxh5 1-0

[Event "ITA-chT A2"]
[Site "Italy"]
[Date "1997.03.23"]
[Round "3"]
[White "Stornelli, Aldo"]
[Black "Benedetti, Fabrizio"]
[Result "0-1"]
[WhiteElo "1740"]
[BlackElo "2250"]
[PlyCount "86"]
[EventDate "1997.02.23"]
[EventType "team-tourn"]
[EventRounds "4"]
[EventCountry "ITA"]
[SourceTitle "EXT 2023"]
[Source "ChessBase"]
[SourceDate "2022.10.05"]
[SourceVersion "1"]
[SourceVersionDate "2022.10.05"]
[SourceQuality "1"]

1. d4 Nf6 2. Nf3 e6 3. Bf4 b6 4. e3 Bb7 5. Nbd2 Be7 6. h3 d6 7. Bd3 0-0 8. 0-0 Nbd7 9. c3 Re8 10. Bc4 Bf8 11. Qb3 Qe7 12. Bg3 e5 13. dxe5 Nxe5 14. Bxe5 dxe5 15. Ng5 Bd5 16. Bxd5 Nxd5 17. Nge4 Rad8 18. Nf3 Nf6 19. Nxf6+ Qxf6 20. Rad1 e4 21. Nd4 c5 22. Ne2 Qe5 23. Rxd8 Rxd8 24. Rd1 c4 25. Qc2 Rd3 26. Nf4 Bd6 27. g3 h5 28. h4 g5 29. hxg5 Qxg5 30. Qe2 Bxf4 31. exf4 Qg4 32. Re1 f5 33. Qxg4+ hxg4 34. Re2 Rd1+ 35. Kg2 Kf7 36. Rc2 Ke6 37. Re2 Kd5 38. Rc2 b5 39. a3 a5 40. Kh2 e3 41. Kg2 Rd2 42. Rc1 e2 43. Re1 Ke4 0-1